Names in the history of psychology : (Record no. 2915)
[ view plain ]
| 000 -LEADER | |
|---|---|
| fixed length control field | 00931pam a2200313 i 4500 |
| 001 - CONTROL NUMBER | |
| control field | 2024166 |
| 003 - CONTROL NUMBER IDENTIFIER | |
| control field | OSt |
| 005 - DATE AND TIME OF LATEST TRANSACTION | |
| control field | 20170105101204.0 |
| 008 - FIXED-LENGTH DATA ELEMENTS--GENERAL INFORMATION | |
| fixed length control field | 741104s1975 dcuc 001 0ceng |
| 010 ## - LIBRARY OF CONGRESS CONTROL NUMBER | |
| LC control number | 74026643 |
| 020 ## - INTERNATIONAL STANDARD BOOK NUMBER | |
| International Standard Book Number | 047098676X |
| 035 ## - SYSTEM CONTROL NUMBER | |
| System control number | (OCoLC)ocm01103111 |
| 035 ## - SYSTEM CONTROL NUMBER | |
| System control number | (NNC)2024166 |
| 040 ## - CATALOGING SOURCE | |
| Original cataloging agency | DLC |
| Transcribing agency | DLC |
| Modifying agency | ZCU |
| 050 0# - LIBRARY OF CONGRESS CALL NUMBER | |
| Classification number | BF109.A1 |
| Item number | Z85 |
| 060 ## - NATIONAL LIBRARY OF MEDICINE CALL NUMBER | |
| Classification number | BF109.A1 Z96n |
| 082 ## - DEWEY DECIMAL CLASSIFICATION NUMBER | |
| Classification number | 150/.92/2 |
| 100 1# - MAIN ENTRY--PERSONAL NAME | |
| Personal name | Zusne, Leonard, |
| Dates associated with a name | 1924-2003. |
| 245 10 - TITLE STATEMENT | |
| Title | Names in the history of psychology : |
| Remainder of title | a biographical sourcebook / |
| Statement of responsibility, etc. | Leonard Zusne. |
| 260 ## - PUBLICATION, DISTRIBUTION, ETC. | |
| Place of publication, distribution, etc. | Washington : |
| Name of publisher, distributor, etc. | Hemisphere Pub. Corp. ; |
| Place of publication, distribution, etc. | New York : |
| Name of publisher, distributor, etc. | distributed by Wiley, |
| Date of publication, distribution, etc. | [1975] |
| 300 ## - PHYSICAL DESCRIPTION | |
| Extent | xvii, 489 p. : |
| Other physical details | ports. ; |
| Dimensions | 25 cm. |
| 500 ## - GENERAL NOTE | |
| General note | Includes index. |
| 650 #0 - SUBJECT ADDED ENTRY--TOPICAL TERM | |
| Topical term or geographic name entry element | Psychologists |
| Form subdivision | Biography. |
| 650 #0 - SUBJECT ADDED ENTRY--TOPICAL TERM | |
| Topical term or geographic name entry element | Psychology |
| General subdivision | History. |
| 650 #2 - SUBJECT ADDED ENTRY--TOPICAL TERM | |
| Topical term or geographic name entry element | Psychology |
| Form subdivision | Biography. |
| 650 #2 - SUBJECT ADDED ENTRY--TOPICAL TERM | |
| Topical term or geographic name entry element | Psychology |
| General subdivision | history. |
| 942 ## - ADDED ENTRY ELEMENTS (KOHA) | |
| Source of classification or shelving scheme | |
| Koha item type | Book |
| Withdrawn status | Lost status | Source of classification or shelving scheme | Damaged status | Not for loan | Collection code | Permanent Location | Current Location | Shelving location | Date acquired | Total Checkouts | Full call number | Barcode | Date last seen | Price effective from | Koha item type |
|---|---|---|---|---|---|---|---|---|---|---|---|---|---|---|---|
| Central Library (CL) | Central Library (CL) | General Stacks | 03/25/2016 | 150/.92/2 ZUS | S3H-N-260 | 03/25/2016 | 03/25/2016 | Book | |||||||
| Central Library (CL) | Central Library (CL) | General Stacks | 03/25/2016 | 150/.92/2 ZUS | S3H-N-259 | 03/25/2016 | 03/25/2016 | Book | |||||||
| Central Library (CL) | Central Library (CL) | General Stacks | 03/25/2016 | 150/.92/2 ZUS | S3H-N-258 | 03/25/2016 | 03/25/2016 | Book | |||||||
| Central Library (CL) | Central Library (CL) | General Stacks | 03/25/2016 | 150/.92/2 ZUS | S3H-N-257 | 03/25/2016 | 03/25/2016 | Book |
